| 000 | 00912nam a22002898a 4500 | ||
|---|---|---|---|
| 001 | 31904 | ||
| 003 | BD-RjUL | ||
| 005 | 20211209051750.0 | ||
| 008 | 140422s1950 nyu b 001 0 eng | ||
| 035 | _a(BD-RjUL)31992 | ||
| 040 |
_aDLC _cDLC _dDLC _dBD-RjUL _beng |
||
| 041 | _aeng | ||
| 082 | 0 | 0 |
_a501 _222 _bMIP 1950 |
| 100 | 1 |
_aMill, John Stuart, _d1806-1873. _997115 |
|
| 245 | 1 | 0 |
_aPhilosophy of scientific method / _cJohn Stuart Mill ; edited with an introduction by Ernest Nagel. |
| 260 |
_aNY : _bHafner Publications, _cc1950 |
||
| 263 | _a0509 | ||
| 300 |
_al, 461 p. ; _c23 cm. |
||
| 504 | _aIncludes bibliographical references and index. | ||
| 600 | 1 | 0 |
_aHamilton, William, _cSir, _d1788-1856. _997120 |
| 650 | 0 |
_aScience _xMethodology. _997117 |
|
| 650 | 0 |
_aLogic. _997118 |
|
| 650 | 0 |
_aKnowledge, Theory of. _997119 |
|
| 942 |
_2ddc _cBK |
||
| 999 |
_c31904 _d31904 |
||